Les 30 meilleurs buteurs de l'histoire de l'AJ Auxerre - Statistiques

Statistiques générales
  • Ce quiz a été pris 142 fois
  • Le résultat moyen est 10 sur 30
Statistiques - réponses
Joueurs Buts % Correct
2 Djibril Cissé 90
97%
3 Stéphane Guivarc'h 80
62%
7 Ireneusz Jelen 59
56%
22 Eric Cantona 29
53%
15 Olivier Kapo 36
47%
1 Andrei Szarmach 100
45%
4 Christophe Cocard 72
45%
8 Lilian Laslandes 55
45%
11 Bernard Diomède 46
44%
12 Corentin Martins 45
39%
5 Pascal Vahirua 69
38%
16 Bonaventure Kalou 34
36%
20 Yann Lach 31
33%
21 Enzo Scifo 30
26%
28 Sabri Lamouchi 25
26%
27 Bernard Ferrer 27
25%
26 Dennis Oliech 28
25%
14 Luigi Pieroni 36
25%
23 Benjani 29
24%
10 Gérald Baticle 47
24%
25 Moussa Saïb 28
23%
18 Steve Marlet 33
23%
19 Gaëtan Courtet 31
21%
9 Jean-Marc Ferreri 54
20%
6 Patrice Garande 61
16%
30 Mickaël Le Bihan 24
14%
24 Rémy Dugimont 28
12%
13 Kálmán Kovács 42
11%
17 Daniel Dutuel 34
10%
29 William Prunier 25
9%
Aucun quiz correspondant
Distribution des résultats
% des personnes avec chaque résultat
Percentile par nombre de réponses
Votre historique - résultats
Vous n’avez pas pris ce quiz